| 000 | 00585nam a2200169Ia 4500 | ||
|---|---|---|---|
| 003 | GCL | ||
| 008 | 140319s9999 xx 000 0 ara d | ||
| 040 |
_aGCL / _cGCL |
||
| 082 | 0 | 4 |
_a239.6 _bا م |
| 100 | 1 | _aاحمد محمد الحوفى | |
| 245 | 1 | 0 |
_aمن اخلاق الرسول (الجزء الاول): الرحمة - الحياء - الكرم - الشجاعة - الوفاء - الصدق - العدل / _cاحمد محمد الحوفى |
| 300 | _aمتعدد | ||
| 490 | _a | ||
| 650 | 0 | 4 | _aالسيرة النبوية |
| 650 | 0 | 4 | _aاخلاق الرسول |
| 942 |
_2ddc _cBK |
||
| 999 |
_c44393 _d44393 |
||